000 00446 a2200181 4500
001 002078
003 OSt
005 20220105113534.0
008
082 _a174.4
_bB63E
100 1 _aBoatright John R.
245 1 _aEthics of the conduct of business
_cby John R. Boatright
250 _a4th ed.
260 _aNew Delhi
_bPearson
_c2007
300 _a464p.
653 _aEthics; Management
942 _2ddc
_cBK
999 _c55
_d55